| 000 | 00683nam a22002057a 4500 | ||
|---|---|---|---|
| 005 | 20170713164238.0 | ||
| 010 | _aENG-119181 | ||
| 020 |
_a9788175417816 _c350.00 |
||
| 035 | _aEN-102713 | ||
| 037 | _bDBAD/PUB | ||
| 082 | _a370.954 | ||
| 245 |
_aIndian education : _cedited by Marmar Mukhopadyay [and] Madhu Parhar |
||
| 260 |
_aDelhi _bShipra Publications _c2016 |
||
| 270 |
_aLG-18-19,Pankaj Central Market,I.P.Ext. Patparganj _bDelhi _e110092 |
||
| 300 |
_aviii,327p.: _c23cm(pbk) _bill |
||
| 500 | _aIncludes references,bibliographical references and index | ||
| 700 | _a Mukhopadyay,Marmar | ||
| 700 | _aParhar,Madhu | ||
| 942 |
_2ddc _cEN _mIND _h370.954 |
||
| 999 |
_c142559 _d142559 |
||